[Event "Bad Zwesten op 8th"]
[Site "Bad Zwesten"]
[Date "2004.01.03"]
[Round "2"]
[White "Maric, Davor"]
[Black "Boehnisch, Manfred"]
[Result "1/2-1/2"]
[WhiteElo "2108"]
[BlackElo "2375"]
[PlyCount "83"]
[EventDate "2004.01.??"]
[EventType "swiss"]
[EventRounds "9"]
[EventCountry "GER"]
[SourceTitle "CBM 098 Extra"]
[Source "ChessBase"]
[SourceDate "2004.03.10"]
[SourceVersion "2"]
[SourceVersionDate "2004.03.10"]
[SourceQuality "1"]

1. e4 e6 2. d3 d5 3. Nd2 c5 4. Ngf3 Nc6 5. g3 Nf6 6. Bg2 b5 7. 0-0 Bb7 8. Re1 Be7 9. e5 Nd7 10. h4 a5 11. Nf1 a4 12. a3 Qc7 13. Bf4 d4 14. N1d2 Nb6 15. Ng5 Bxg5 16. hxg5 Nd8 17. Ne4 Bxe4 18. Bxe4 Nc6 19. Qh5 g6 20. Qe2 Rd8 21. Bf3 Nd5 22. Bd2 Rd7 23. Kg2 Ke7 24. Qe4 Kf8 25. c4 bxc4 26. dxc4 Nde7 27. Bd1 Qa7 28. Qc2 Qb7 29. Bf3 Qa6 30. b4 axb3 31. Qxb3 Kg7 32. Qb5 Qxb5 33. cxb5 Na7 34. b6 Nac6 35. Bxc6 Nxc6 36. Rec1 Rb8 37. Rxc5 Rxb6 38. Rac1 Rb2 39. Rxc6 Rxd2 40. R1c2 Rxc2 41. Rxc2 Ra7 42. Rd2 1/2-1/2